|
|
|
|
| LEADER |
01660nam a2200361 a 4500 |
| 001 |
12559209 |
| 008 |
090528s2000 bg ab b i001 0 eng d |
| 010 |
|
|
|a \\\00440984
|
| 020 |
|
|
|a 9847460043
|
| 040 |
|
|
|a DLC
|c DLC
|d DLC
|
| 082 |
0 |
0 |
|a 598.168/095492
|2 21
|
| 999 |
|
|
|c 1137
|d 1137
|
| 999 |
|
|
|c 1137
|
| 100 |
1 |
|
|a Khan, M. Anisuzzaman.
|9 20370
|
| 245 |
1 |
0 |
|a Red book of threatened birds of Bangladesh /
|c M. Anisuzzaman Khan ; research, M. Monirul H. Khan, Rashiduzzaman Ahmed, Nargis Banu Joarder ; editors, Md. Anwarul Islam, Mahmud-ul Ameen, Ainun Nishat.
|
| 246 |
3 |
0 |
|a Threatened birds of Bangladesh
|
| 260 |
|
|
|a Dhaka :
|b IUCN Bangladesh,
|c 2000.
|
| 300 |
|
|
|a xi, 116 p. :
|b col. ill., map ;
|c 26 cm.
|
| 500 |
|
|
|a "IUCN--The World Conservation Union."
|
| 504 |
|
|
|a Includes bibliographical references (p. 109-113) and index.
|
| 541 |
1 |
|
|e 00007697
|
| 650 |
|
0 |
|a Extinct birds
|z Bangladesh.
|9 20371
|
| 700 |
1 |
|
|a Khan, M. Monirul H.
|9 20372
|
| 700 |
1 |
|
|a Ahmed, Rashiduzzaman.
|9 20373
|
| 700 |
1 |
|
|a Joarder, Nargis Banu.
|9 20374
|
| 700 |
1 |
|
|a Islam, Md. Anwarul.
|9 20375
|
| 700 |
1 |
|
|a Ameen, Mahmud-ul.
|9 20376
|
| 700 |
1 |
|
|a Nishat, Ainun.
|9 20377
|
| 710 |
2 |
|
|a International Union for Conservation of Nature and Natural Resources.
|9 20378
|
| 710 |
2 |
|
|a International Union for Conservation of Nature and Natural Resources.
|b Bangladesh Country Office.
|9 20379
|
| 852 |
4 |
|
|a Ayesha Abed Library
|j General shelf
|
| 942 |
|
|
|2 ddc
|c BK
|
| 952 |
|
|
|0 0
|1 0
|2 ddc
|4 0
|6 598_168954920000000_KHA_2000
|7 0
|9 1028
|a BRACUL
|b BRACUL
|c GEN
|d 2009-06-24
|g 0.00
|l 3
|m 14
|o 598.16895492 KHA
|p 3010007697
|r 2015-08-31
|s 2015-06-24
|t 1
|w 2009-06-24
|y BK
|x No price found in the accession register.
|